000 00342nam a2200133 a 4500
005 20140414132054.0
008 110714s19uu xx 00 eng d
050 _aFIC
_bK24 2005
100 _aKeene, Carolyn
245 _aThe Hunted doll house.
260 _aSingapore :
_bSimon @ Schuster,
_c2005.
440 _aNancy Drew
999 _c114256
_d114256